| 000 | 00491nam a2200229Ia 4500 | ||
|---|---|---|---|
| 008 | 210210b1948 xxu||||| |||| 00| 0 eng d | ||
| 041 | _aeng | ||
| 082 | _a881/73 | ||
| 100 | _aMAGHA | ||
| 245 | _aSisupAlavadha canto II by Shastri Si Es Ar | ||
| 260 |
_aMadras _b- _c1948 |
||
| 650 | _aSisupAlavadha | ||
| 650 | _aSi | ||
| 650 | _aShastri | ||
| 650 | _aII | ||
| 650 | _aEs | ||
| 650 | _acanto | ||
| 650 | _aby | ||
| 650 | _aAr | ||
| 690 | _aSanskrit Poetry | ||
| 906 | _a024244 | ||
| 999 |
_c149642 _d149642 |
||